000 00894nam a2200253Ia 4500
003 OSt
005 20221005112957.0
006 a|||||r|||| 00| 0
007 ta
008 221004b |||||||| |||| 00| 0 pan d
020 _a9788171165933 (hbk)
_c350
024 _a6910
037 _b730, 27/06/2013, H.K. Prakashan
_cTextual
040 _aCRL
_cCRL
_bpan
041 _2pan
_apan
082 _aO153,3:g, Q2
100 _aਰਵਿੰਦਰ ਰਵੀ, ਥਦ.
245 0 _aਕਥਾ ਸਨਮੁਖ
_b ਕਹਾਣੀਆਂ ਦੇ ਪੜ੍ਹਤ ਅਧਿਐਨ
260 _aਦਿੱਲੀ
_bਨੈFਨਲ ਬੁਕ Fਾਪ ਭਾਰਤ
_c2012
300 _a224ਪੰ
_ccm.
650 _aਪੰਜਾਬੀ ਸਾਹਿਤ
942 _hO153,3:g, Q2
_cTEXL
_2cc
999 _c1026628
_d1026628